Relações solo–vegetação em “ilhas” florestais e savanas adjacentes, no nordeste de Roraima (Registro n. 86381)
[ somente texto ]
| 000 -LÍDER | |
|---|---|
| fixed length control field | 05282nab a2200325 i 4500 |
| 003 - CÓDIGO MARC DA AGÊNCIA CATALOGADORA | |
| Campo de controle | BR-BrBNA |
| 005 - DATA E HORA DA ÚLTIMA ATUALIZAÇÃO | |
| Campo de controle | 20231004111909.0 |
| 008 - CAMPO DE TAMANHO FIXO | |
| fixed length control field | 231004b2016 bl.qr|pooa||| 00| 0 por | |
| 040 ## - FONTE DA CATALOGAÇÃO | |
| Agência catalogadora | BR-BrBNA |
| Idioma da catalogação | por |
| 072 ## - CATEGORIA AGRIS | |
| Código AGRIS | P33 |
| 072 ## - CATEGORIA AGRIS | |
| Código AGRIS | K10 |
| 100 ## - ENTRADA PRINCIPAL - NOME PESSOAL | |
| Nome pessoal | Feitosa, Keily Katiany Almeida |
| 100 ## - ENTRADA PRINCIPAL - NOME PESSOAL | |
| Nome pessoal | Vale Júnior, José Frutuoso do |
| 100 ## - ENTRADA PRINCIPAL - NOME PESSOAL | |
| Nome pessoal | Schaefer, Carlos Ernesto Gonçalves Reynaud |
| 100 ## - ENTRADA PRINCIPAL - NOME PESSOAL | |
| Nome pessoal | Sousa, Maria Ivonilde Leitão de |
| 100 ## - ENTRADA PRINCIPAL - NOME PESSOAL | |
| Nome pessoal | Nascimento, Pedro Paulo Ramos Ribeiro |
| 245 ## - TÍTULO PRINCIPAL | |
| Título principal | Relações solo–vegetação em “ilhas” florestais e savanas adjacentes, no nordeste de Roraima |
| 500 ## - NOTA GERAL | |
| Nota geral | Publicação on-line, 36 ref.; 4 tables; 1 illus.; Summaries (En, Pt) |
| 942 ## - ADDED ENTRY ELEMENTS (KOHA) | |
| Koha item type | |
| 520 ## - NOTA DE RESUMO | |
| Nota de conteúdo | <br/><br/>RESUMO<br/>O estudo de solos em ilhas florestais inseridas em áreas de domínio de savanas é fundamental para<br/>compreender os processos de formação da paisagem. Este trabalho caracterizou propriedades morfológicas,<br/>físicas e químicas de solos em quatro fragmentos naturais de florestas de ocorrência no mosaico savanafloresta em Roraima, norte da Amazônia. O método consistiu em transectos atravessando as ilhas nos<br/>sentidos leste–oeste e norte–sul, onde foram abertas cinco trincheiras para a coleta de amostras e estudos de<br/>solos. Nas áreas de savana contíguas a cada ilha foram estabelecidos transectos de 100 m de comprimento<br/>e abertas cinco trincheiras equidistantes para caracterização química e física do solo comparativa. Os<br/>Latossolos foram as classes de solos predominantes nas quatro ilhas investigadas, seguida de Argissolos<br/>e Plintossolos, todos predominantemente oligotróficos (distróficos, de baixa CTC, ácidos). Condições<br/>químicas e físicas melhores foram verificadas nos solos das ilhas florestais em relação às áreas de savana<br/>circundantes, numa mesma classe de solo. Assim, embora a classe de solo não tenha variado entre diferentes<br/>fitofisionomias em um dado gradiente, características químicas e físicas específicas variaram e podem<br/>exercer influência positiva no estabelecimento de vegetação florestada. Embora florestas e savanas ocorram<br/>lado a lado, em mosaico, o clima atual com longa estação seca é concordante com a existência da savana<br/>em relevo plano e a ocorrência das ilhas florestais parece condicionada a variações físico-químicas sutis dos<br/>solos, sem necessidade de invocar uma relação com oscilações paleoclimáticas. Estudos mais aprofundados<br/>posteriores poderão testar a hipótese de contração ou expansão florestal durante o Quaternário, buscando<br/>evidências de que tais ilhas possam representar relíquias paleoclimáticas imersas em domínio savânico.<br/><br/>Palavras-chave: mudanças climáticas e solos; solos da Amazônia; paleoecologia da Amazônia; ecologia<br/>de solos. |
| 520 ## - NOTA DE RESUMO | |
| Nota de conteúdo | <br/><br/>ABSTRACT<br/>Studies on soils of forest islands within the savanna domain are key for understanding processes of landscape<br/>formation and evolution. We characterized the morphological, physical and chemical properties of soils <br/>at four different forest fragments that occur in the savanna-forest mosaic of northeastern Roraima, north<br/>Amazonia. The methodology was based on transects crossing the entire island, from east-west and northsouth direction, digging up five soil profiles for sampling and classification. In addition, the neighboring<br/>savannas were also sampled following the same strategy, at 100 m long transects departing from the border,<br/>allowing comparisons to be made. Latosols were the dominant soil class in all four islands, followed by<br/>Ultisols and Plinthosols. All soils were dystric , with low CEC and acid. Better chemical and physical<br/>conditions were observed in forested soils compared with surrounding savannas, in a given soil class. Thus,<br/>in spite of no variation on soil class at different phytophysionomies at a given gradient, specific chemical<br/>and physical attributes were significantly varied, exerting a positive effect for the establishment of forest<br/>vegetation. Despite their occurrence side-by-side in the savanna- forest mosaic, the present –day climate<br/>agrees with the existence of savanna in the flat landforms, whereas forest islands are conditioned by subtle,<br/>yet significant, soil physico-chemical variations, with no need to invoke any paleoclimate for explaining<br/>this relationship. Further in depth studies may contribute for testing the hypothesis that Quaternary shifts<br/>of the expansion and contraction of forest may represent paleoclimate relicts isolated within the savanna<br/>domain.<br/><br/>Keywords: climate changes and soils; amazon soils; amazon paleoecology; soil ecology |
| 650 ## - ASSUNTO - THESAGRO | |
| Cabeçalho tópico ou nome geográfico | FLORESTA |
| 650 ## - ASSUNTO - THESAGRO | |
| Cabeçalho tópico ou nome geográfico | AMAZÔNIA |
| 650 ## - ASSUNTO - THESAGRO | |
| Cabeçalho tópico ou nome geográfico | MUDANÇA CLIMÁTICA |
| 650 ## - ASSUNTO - THESAGRO | |
| Cabeçalho tópico ou nome geográfico | SOLO |
| 650 ## - ASSUNTO - THESAGRO | |
| Cabeçalho tópico ou nome geográfico | ECOLOGIA FLORESTAL |
| 773 0# - ENTRADA ANALÍTICA | |
| Host Biblionumber | 4065 |
| Registro do item | 102038 |
| Imprenta | Santa Maria-RS Universidade Federal de Santa Maria - Centro de Pesquisas Florestais.Departamento de Ciências Florestais. Programa de Pós-Graduação em Engenharia Florestal 1991 |
| Outro identificador | 2023-436444 |
| Título | Ciência Florestal (Brazil) |
| ISSN | 0103-9954; 1980-5098 (on-line) |
| Colação | v. 26(1) p. 135-146; (Jan-Mar 2016) |
| Número de controle de registro | BR2023001159 |
| 856 ## - ACESSO E ENDEREÇO ELETRÔNICO | |
| Identificador uniforme de recurso - URI | https://www.scielo.br/j/cflo/a/ZHkHn6G4bp6gS7SrhFk873f/?format=pdf&lang=pt |
Nenhum exemplar disponível.

BINAGRI